00697 2200229 4500001002100000005001500021035002000036007000300056008004100059020002200100082000800122084001400130100001600144245009700160250001500257260003100272300003700303650003200340504007300372990001100445990001100456INLIS00000000000435920191031102956 a0010-1019000211ta191031 g 0 ind  a978-602-1507-84-1 a592 a592 NUR b0 aNURHIDAYATI1 aBiodiversitas Cacing Tanah :bSpesies dan dampak cacing tanah pada lahan tebu /cNurhidayati aed. revisi aMalang :bIntimedia,c2018 axvi, 146 hlm. :bilus. ;c23 cm. 4aCACING TANAH. BIODIVERSITAS aGlossarium hlm.114-117: index: hlm.118-121: Bibliografi: hlm.122-146 a7044 a a7044 b